[Event "HUN-chT Youth 2019"]
[Site "Budapest"]
[Date "2019.10.28"]
[Round "4.20"]
[White "Ongut, Tamas Gunes"]
[Black "Demjen, Mark"]
[Result "0-1"]
[WhiteElo "2214"]
[BlackElo "1902"]
[Annotator "TA"]
[PlyCount "42"]
[EventDate "2019.10.26"]
[EventType "team-tourn"]
[EventCountry "HUN"]
[SourceTitle "playchess.com"]
[Source "ChessBase"]
[SourceQuality "1"]

{[%evp 12,66,16,-8,31,0,5,0,0,-62,-36,-41,-33,-113,-87,-120,-87,-121,-92,-185,-205,-348,-170,-284,-221,-271,-150,-145,-141,-428,-431,-430,-442,-397,-426,-506,-500,-865,-862,-2016,-2006,-1799,-1312,-2185,-1644,-1592,-1359,-2026,-1522,-29984,-1262,-29989,-1781,-1611,-819,-807,-791]} 1. Nf3 Nf6 2. c4 e6 3. b3 d5 4. Bb2 c5 5. e3 Nc6 6. cxd5 exd5 7. d4 Bf5 {A13: English Opening: 1...e6} (7... cxd4 8. Nxd4 Bb4+ 9. Bc3 a5 10. a3 Bc5 11. Nxc6 bxc6 12. Nd2 Qe7 13. Be2 Bxa3 14. Bxf6 gxf6 15. O-O {1-0 (27) Spoelman,W (2578)-Fridman,D (2631) chess.com INT 2019}) 8. dxc5 $146 ({Predecessor:} 8. Nbd2 Nb4 9. Bb5+ Nd7 10. O-O a6 11. Bxd7+ Qxd7 12. Ne5 Qe6 13. a3 Nd3 14. Nxd3 Bxd3 15. Re1 {½-½ (102) Iskichekova,N (1784)-Bauyrzhan,A (2052) Almaty 2016}) 8... Bxc5 9. Bd3 Bb4+ {The position is equal.} 10. Ke2 (10. Bc3 $11 Ne4 11. Bxb4 Nxb4 12. Bb5+ Nc6 13. O-O) 10... Bg4 11. a3 Bd6 12. h3 ({White should play} 12. Nbd2 $15) 12... Bxf3+ $1 $17 13. gxf3 Qe7 14. b4 O-O 15. Rg1 (15. Nd2 $17) 15... Be5 $19 16. Qd2 (16. Bxe5 {was called for.} Qxe5 17. Nd2) 16... Rfe8 (16... d4 $142 {And now ...dxe3 would win.} 17. e4 Nh5) 17. Kf1 (17. b5 $142 Bxb2 18. Qxb2) 17... d4 18. e4 {[#]} Qe6 (18... Nh5 $1 $19 {Hoping for ...Qh4.} 19. Qg5 Nf4 20. Qxe7 Rxe7) 19. Qh6 $17 {[%csl Gg1][%cal Rh6g7] [#]} Nh5 $1 20. Qxh5 $4 {[%mdl 8192]} (20. Qxe6 $17 {was the only defense.} Rxe6 21. Nd2) 20... Qb3 $1 $19 {[%csl LRb2,LRd3][%mdl 64] Double Attack} 21. Ke2 {Threatens to win with Bc1.} Bf4 {Played: Qb3xb2} 0-1

[Event "HUN-chT Youth 2019"]
[Site "Budapest"]
[Date "2019.10.28"]
[Round "4.21"]
[White "Kocsis, Peter"]
[Black "Virag, Balint"]
[Result "0-1"]
[WhiteElo "1929"]
[BlackElo "2100"]
[Annotator "TA"]
[PlyCount "94"]
[EventDate "2019.10.26"]
[EventType "team-tourn"]
[EventCountry "HUN"]
[SourceTitle "playchess.com"]
[Source "ChessBase"]
[SourceQuality "1"]

{[%evp 11,93,31,33,23,51,54,81,82,100,115,114,110,124,-35,0,0,0,-114,-12,-319,29,-77,-73,-243,-250,-309,-279,-754,-521,-518,-438,-630,-522,-604,-639,-569,-508,-780,-786,-777,-777,-762,-761,-714,-731,-716,-714,-658,-656,-833,-826,-1352,-1354,-29972,-770,-29972,-29973,-29975,-29975,-29977,-29978,-29978,-29979,-29991,-29990,-29992,-29991,-29991,-29992,-29992,-29984,-29993,-29994,-29994,-29995,-29995,-29996,-29997,-29998,-29998,-29998,-29998,-29999,-29999]} 1. Nf3 Nf6 2. b3 g6 3. Bb2 Bg7 4. g3 d5 5. c4 c6 6. Bg2 Qb6 7. Qc2 {A11: English Opening: 1...c6} (7. cxd5 cxd5 8. O-O O-O 9. Nc3 Bd7 10. d4 Rc8 11. Ne5 e6 12. Rc1 Na6 13. f4 Nc7 14. g4 Be8 {1-0 (37) Short,N (2683)-Grigoryan,K (2559) Bangkok 2017}) 7... Bf5 8. d3 dxc4 9. bxc4 {White is better.} Ng4 10. Bxg7 Qxf2+ {[%mdl 64] Double Attack} 11. Kd2 Rg8 12. Qb2 $2 (12. h3 $1 $16 {[%cal Rh3g4]} Qxg2 13. Nc3 Qxg3 14. hxg4 Qf4+ 15. Kd1 Bxg4 16. Bh6 (16. Rxh7 Bxf3 17. exf3 Na6 $16)) 12... Qe3+ 13. Kc3 $146 {Hoping for Bd4.} ({Predecessor:} 13. Ke1 Rxg7 {½-½ (34) Katopodis,I (1613)-Kostouros,A (2280) Petroupoli 2012}) 13... f6 14. Nd4 (14. Qxb7 Qxe2 15. Bxf6 (15. Qxa8 Qxd3+ 16. Kb2 Qc2+ 17. Ka3 Qd3+ 18. Kb2 Kf7 $11) 15... Qxd3+ 16. Kb2 Nd7) (14. Bh6 $1 $11 {keeps the balance.} Nxh6 15. Qxb7 Qxe2 16. Nbd2 (16. Qxa8 Qxd3+ 17. Kb2 Qc2+ 18. Ka3 Qxg2 $11) 16... Qxd3+ 17. Kb2) 14... Kf7 (14... Nd7 $1 $17 15. Qxb7 {[%mdl 64] Double Attack} Rb8 16. Qxc6 Nge5) 15. Qxb7 $2 {[%mdl 8192]} (15. Bxf6 $11 {and White is okay.} Nxf6 16. Nd2 (16. Qxb7 $2 Nbd7 $17)) 15... Bxd3 $2 ({Better is} 15... Rd8 $19 16. Nxf5 (16. Qxa8 Qxd4+ 17. Kc2 Bxd3+ 18. Kb3 Bxc4+ 19. Kc2 Ne3+ {[%mdl 64] Double Attack} 20. Kc1 Bxe2 $19) 16... gxf5 17. Bxf6 (17. Qxa8 Qxe2 18. Kb3 Qxg2 $17) 17... Kxf6) 16. exd3 (16. Bh6 $1 $11 {was the only way to keep the balance.} Nxh6 17. Bd5+ $1 {[%mdl 512]} (17. exd3 Rd8 $11) 17... cxd5 18. Qxd5+ Kg7 19. exd3) 16... Rd8 $1 $17 17. Bd5+ $2 (17. Qxa8 $2 {too greedy.} Qxd4+ 18. Kb3 Na6 $19) ({Not} 17. Nxc6 $2 Qxd3+ 18. Kb2 Nxc6 $19) (17. Bxf6 $17 {was the only chance.} Nxf6 18. Nc2 (18. Qxa8 $2 {is the wrong capture.} Qxd4+ 19. Kc2 Na6 $19) 18... Qxd3+ 19. Kb2) 17... cxd5 $19 18. Qxa8 Nf2 19. Nc2 $2 (19. Qxa7 dxc4 20. Bh6) 19... Qxd3+ 20. Kb2 {And now Bxf6 would win.} Qxc4 21. Nba3 (21. Nd2 $142 Nd3+ 22. Kb1) 21... Nd3+ 22. Kb1 Qc3 {[%csl Gd3][%cal Rc3b2]} 23. Qb7 {Threatens to win with Qb3.} Nc6 {( -> ...Rb8!)} 24. Qb3 {[#]} (24. Bxf6 $142 Kxf6 25. Rf1+ Kg7 26. Qb3) 24... Rb8 $1 {[%cal Rb8b3][%mdl 576] Pin} 25. Nb5 {[#]} Rxb5 $1 26. Qxb5 Ncb4 27. Qxb4 Nxb4 28. Nxb4 Qxb4+ 29. Kc2 Kxg7 {[%mdl 4096] Endgame KQ-KRR} 30. Rad1 d4 31. Rhe1 e5 32. Kc1 Qc3+ 33. Kb1 d3 {Black mates.} 34. Rh1 e4 35. Rc1 Qb4+ 36. Ka1 d2 37. Rb1 Qd4+ 38. Rb2 d1=Q+ 39. Rxd1 Qxd1+ {KQ-KR} 40. Rb1 Qd4+ 41. Rb2 e3 42. a3 e2 43. Ka2 Qc4+ 44. Rb3 e1=Q 45. a4 Qxa4+ 46. Kb2 Qaa1+ 47. Kc2 Qed1# {Accuracy: White = 27%, Black = 48%.} 0-1

[Event "HUN-chT Youth 2019"]
[Site "Budapest"]
[Date "2019.10.28"]
[Round "4.22"]
[White "Kovacsy, Barnabas"]
[Black "Sulyok, Eszter"]
[Result "0-1"]
[WhiteElo "2093"]
[BlackElo "1893"]
[Annotator "NA RC"]
[PlyCount "88"]
[EventDate "2019.10.26"]
[EventType "team-tourn"]
[EventCountry "HUN"]
[SourceTitle "playchess.com"]
[Source "ChessBase"]
[SourceQuality "1"]
[TimeControl "5400+30"]

{[%evp 11,78,34,38,42,53,37,47,37,42,24,67,48,46,41,54,48,47,43,29,19,51,0,0,15,51,54,32767,205,209,213,208,49,57,-20,-17,32767,-33,-109,-110,-237,-163,-244,32767,-287,32767,-319,-358,32767,-289,32767,32767,32767,32767,32767,-213,-220,32767,32767,-242,-675,-702,-908,32767,32767,-29987,-29990,-1584,32767,-1158]} 1. e4 {[%emt 0:00:00]} c5 {[%emt 0:00:00]} 2. Nf3 {[%emt 0:00:00]} e6 {[%emt 0:00:00]} 3. d4 {[%emt 0:00:00]} cxd4 {[%emt 0:00:00]} 4. Nxd4 {[%emt 0:00:00]} a6 {[%emt 0:00:00]} 5. Bd3 {[%emt 0:00:00]} Nf6 {[%emt 0:00:00]} 6. O-O {[%emt 0:00:06]} Qc7 {[%emt 0:00:28]} 7. Qe2 {[%emt 0:00:04]} d6 {[%emt 0:00:11]} 8. f4 {[%emt 0:00:03]} Nbd7 {[%emt 0:00:12]} 9. c4 {[%emt 0:00:12]} Be7 {[%emt 0:00:06]} 10. b3 {[%emt 0:00:16]} b6 {[%emt 0:03:58]} 11. Bb2 {[%emt 0:00:33]} Bb7 {[%emt 0:00:19]} 12. Nc3 {[%emt 0:00:11]} O-O {[%emt 0:00:57]} 13. Rae1 {[%emt 0:00:18]} g6 {[%emt 0:06:27] B42: Sicilian: Kan Variation: 5 Bd3} (13... Rad8 14. f5 Nc5 15. fxe6 fxe6 16. Bc2 e5 17. Nf5 g6 18. Nxe7+ Qxe7 19. Nd5 Nxd5 20. exd5 a5 21. a3 b5 22. cxb5 Bxd5 23. Qd2 Qe6 {½-½ (23) Navara,D (2691)-Movsesian,S (2705) Sibenik 2012}) 14. Kh1 {[%emt 0:00:24]} Rfe8 {[%emt 0:01:19]} 15. Bb1 {[%emt 0:00:35]} Bf8 {[%emt 0:01:09]} 16. Nf3 $146 {[%emt 0:01:47]} ({Predecessor:} 16. e5 Nh5 17. Qe3 dxe5 18. fxe5 Bg7 19. Ne4 Nxe5 20. Ng5 Ng4 21. Qh3 Ngf6 22. Ndf3 Nf4 23. Qh4 h6 24. Nxf7 {0-1 (24) Peleshev,L (2269)-Neiksans,A (2596) Liepaja 2015}) 16... Bg7 {[%emt 0:01:25]} 17. Ng5 {[%emt 0:02:33]} h6 {[%emt 0:02:57]} 18. Nxf7 {[%emt 0:13:34]} e5 {[%emt 0:08:03]} 19. fxe5 {[%emt 0:02:55] Discovered Attack} dxe5 {[%emt 0:02:08]} 20. Nd5 {[%emt 0:03:43]} Bxd5 {[%emt 0:01:24] [#]} 21. exd5 {[%emt 0:00:19]} (21. Nxh6+ $1 $18 {[%mdl 512]} Bxh6 22. exd5) 21... Kxf7 {[%emt 0:01:03]} 22. Qc2 {[%emt 0:09:13]} (22. Qe4 $14) 22... Nf8 {[%emt 0:02:07]} 23. Ba3 {[%emt 0:00:23]} Kg8 {[%emt 0:09:39]} 24. Re3 {[%emt 0:11:18]} (24. Bxf8 $1 $11 {remains equal.} Rxf8 25. Qxg6) 24... e4 {[%emt 0:04:41]} 25. Rg3 {[%emt 0:01:28]} (25. Qe2 $17) 25... g5 {[%emt 0:03:13]} 26. d6 {[%emt 0:05:16]} (26. Re3 $17 {keeps fighting.}) 26... Qd7 {[%emt 0:01:17]} 27. Qe2 {[%emt 0:03:14]} Ng6 {[%emt 0:03:56]} 28. Bb2 {[%emt 0:08:42]} Nf4 {[%emt 0:03:24]} ({Don't take} 28... Qxd6 29. Bxf6 Nf4 30. Qc2) 29. Qd2 N4h5 {[%emt 0:04:08]} 30. Rh3 {[%emt 0:05:30]} Re6 {[%emt 0:04:47]} 31. Ba3 {[%emt 0:09:19]} Nf4 {[%emt 0:01:35]} 32. Rg3 {[%emt 0:02:23]} Ne8 {[%emt 0:02:45]} (32... Rae8 $142 33. Re1 {[#]} Nd3 $1 {[%mdl 512]}) 33. Re3 {[%emt 0:02:09]} Nf6 {[%emt 0:08:43]} 34. g3 {[%emt 0:02:51]} Ng6 {[%emt 0:01:42]} 35. Rxe4 $2 {[%emt 0:04:08]} (35. c5) 35... Qc6 {[%emt 0:04:23] Pin} (35... Rxe4 $2 36. Bxe4 Nxe4 37. Qd5+ Kh7 38. Qxe4 $17) 36. Rxf6 {[%emt 0:03:05]} Rxe4 {[%emt 0:00:39]} 37. Rf3 {[%emt 0:01:23]} Rd4 {[%emt 0:01:46]} 38. Qe2 {[%emt 0:00:46]} Ne5 {[%emt 0:00:38]} (38... Re8 $142 39. Qf1 {[#]} Re1 $1 {[%mdl 576] Deflection} 40. Qxe1 Qxf3+ 41. Kg1 Rd1 $1 {[%mdl 512]} 42. Qxd1 Qxd1+ 43. Kf2 Bd4+ 44. Kg2 Qe2+ 45. Kh3 g4#) 39. Kg2 {[%emt 0:01:21]} Qxf3+ $19 {[%emt 0:01:44]} (39... Nxf3 $142 40. Bc1 Nd2+ 41. Kg1 Nxb1 42. a3 Nc3 43. Qe6+ Kh8 44. Kf2 Rf8+ 45. Bf4 Rd2+ 46. Ke3 Qg2 47. Qxh6+ Bxh6 48. Be5+ Kg8 49. Bxc3 g4#) 40. Qxf3 {[%emt 0:00:17]} Nxf3 {[%emt 0:00:03]} 41. Kxf3 {[%emt 0:00:09]} Bf8 {[%emt 0:00:49]} 42. Be4 {[%emt 0:00:22]} Rd8 {[%emt 0:03:00]} 43. Bb2 {[%emt 0:00:54]} R4xd6 {[%emt 0:00:27]} 44. b4 {[%emt 0:00:19]} Bg7 {[%emt 0:00:55]} 0-1

[Event "HUN-chT Youth 2019"]
[Site "Budapest"]
[Date "2019.10.28"]
[Round "4.23"]
[White "Szabo, Miklos"]
[Black "Koltai, Dora"]
[Result "0-1"]
[WhiteElo "1796"]
[BlackElo "1845"]
[Annotator "NA RC"]
[PlyCount "52"]
[EventDate "2019.10.26"]
[EventType "team-tourn"]
[EventCountry "HUN"]
[SourceTitle "playchess.com"]
[Source "ChessBase"]
[SourceQuality "1"]
[TimeControl "5400+30"]

{[%evp 8,45,47,33,37,32767,32767,-13,-10,-10,1,-80,-34,-79,-41,-223,-110,-199,32767,-96,32767,-35,32767,-75,-48,32767,32767,-56,32767,-54,-44,-54,-20,32767,32767,-289,32767,32767,32767,-1543]} 1. e4 {[%emt 0:00:19]} e5 {[%emt 0:00:00]} 2. Nf3 {[%emt 0:00:07]} Nf6 {[%emt 0:00:00]} 3. Nxe5 {[%emt 0:00:11]} d6 {[%emt 0:00:05]} 4. Nf3 {[%emt 0:00:01]} Nxe4 {[%emt 0:00:07]} 5. d4 {[%emt 0:00:29]} d5 {[%emt 0:00:22]} 6. Bd3 {[%emt 0:00:42]} Nc6 {[%emt 0:00:22]} 7. Bf4 {[%emt 0:01:51] C42: Petroff Defence: 3 Nxe5 and unusual White 3rd moves} (7. O-O Be7 8. Nbd2 Nd6 9. c3 Bf5 10. Be2 O-O 11. Re1 Re8 12. Qb3 Be6 13. Bd3 Bf6 14. Nf1 g6 15. Bf4 Qd7 16. Ne3 {½-½ (67) Dominguez Perez,L (2750)-Bu,X (2729) Hengshui 2019}) 7... Bd6 {[%emt 0:06:50]} 8. Bxd6 {[%emt 0:02:55]} Qxd6 {[%emt 0:00:53]} 9. h3 $146 {[%emt 0:01:53]} (9. Nbd2 $11 {keeps the balance.}) ({Predecessor:} 9. O-O O-O 10. c4 Bg4 11. Be2 dxc4 12. Qc2 Nf6 13. Rd1 Bxf3 14. Bxf3 Nxd4 {½-½ (46) Goebel,C (1885)-Kuegel,T (1918) Willingen 2009}) 9... O-O {[%emt 0:06:24]} 10. Nbd2 {[%emt 0:09:32]} (10. O-O $1 $11 {keeps the balance.}) 10... Qg6 {[%emt 0:17:43]} 11. g4 $2 {[%emt 0:00:47]} ({Better is} 11. Qe2 $15) 11... Re8 {[%emt 0:09:04]} (11... Qh6 $19 12. Ne5 Nxe5 13. Bxe4 dxe4 14. dxe5 Rd8) 12. Be2 {[%emt 0:02:10]} (12. Qe2 $17 {might work better.}) 12... Nb4 {[%emt 0:13:05]} 13. a3 {[%emt 0:09:31]} (13. c3 $1 $11 Nc6 14. Nxe4 dxe4 15. Nh4) 13... Nxd2 {[%emt 0:02:18]} 14. Kxd2 {[%emt 0:00:26]} Nc6 {[%emt 0:03:53]} 15. c3 {[%emt 0:06:20]} Bd7 {[%emt 0:02:33]} 16. b3 {[%emt 0:12:10]} Re7 {[%emt 0:04:43]} 17. Bd3 {[%emt 0:01:47]} Qf6 {[%emt 0:01:28]} 18. Kc2 {[%emt 0:04:14]} Rae8 {[%emt 0:02:18]} 19. Kb2 {[%emt 0:06:43]} Na5 {[%emt 0:03:40]} 20. Rf1 {[%emt 0:06:35]} Qb6 {[%emt 0:02:57]} 21. Ne5 $2 {[%emt 0:03:13]} (21. a4 $15) 21... Ba4 {[%emt 0:02:55]} 22. Bc2 {[%emt 0:01:47]} f6 {[%emt 0:02:34]} 23. Nf3 $19 {[%emt 0:09:03]} (23. Qd3 g6 24. b4 Bxc2 25. Kxc2 fxe5 26. bxa5 Qxa5 27. Rfe1) 23... Bxb3 {[%emt 0:05:54]} 24. Nd2 {[%emt 0:07:52]} Bc4+ {[%emt 0:02:01]} 25. Kc1 {[%emt 0:00:01]} Bxf1 {[%emt 0:00:27]} 26. Nxf1 {[%emt 0:00:00]} Re1 {[%emt 0:00:29]} 0-1

[Event "HUN-chT Youth 2019"]
[Site "Budapest"]
[Date "2019.10.28"]
[Round "4.25"]
[White "Palczert, Botond"]
[Black "Gombocz, Zsofia"]
[Result "1-0"]
[WhiteElo "2039"]
[BlackElo "1917"]
[Annotator "NA"]
[PlyCount "79"]
[EventDate "2019.10.26"]
[EventType "team-tourn"]
[EventCountry "HUN"]
[SourceTitle "playchess.com"]
[Source "ChessBase"]
[SourceQuality "1"]
[TimeControl "5400+30"]

1. d4 {[%emt 0:03:47]} d5 {[%emt 0:00:00]} 2. c4 {[%emt 0:00:32]} e6 {[%emt 0:00:00]} 3. Nc3 {[%emt 0:00:16]} Nf6 {[%emt 0:00:00]} 4. cxd5 {[%emt 0:00:33]} exd5 {[%emt 0:00:00]} 5. Bg5 {[%emt 0:00:23]} Be7 {[%emt 0:00:42]} 6. e3 {[%emt 0:02:17]} c6 {[%emt 0:02:01]} 7. Bd3 {[%emt 0:00:45]} h6 {[%emt 0:01:03]} 8. Bf4 O-O 9. Nf3 {[%emt 0:06:34] D35: Queen's Gambit Declined: Exchange Variation} Be6 {[%emt 0:10:02]} (9... Bd6 10. Bg3 Bxg3 11. hxg3 Bg4 12. Qb3 Qc7 13. O-O-O Nbd7 14. Kb1 Rfe8 15. Rc1 Qb6 16. Nd2 Nf8 {1-0 (53) Turov,M (2585)-Volodin,A (2457) Tallinn 2019}) 10. O-O {[%emt 0:01:06]} Nbd7 {[%emt 0:01:39]} 11. h3 {[%emt 0:01:34]} Re8 {[%emt 0:03:59]} 12. Qc2 {[%emt 0:00:02]} Nb6 {[%emt 0:03:47]} 13. Bh2 {[%emt 0:15:51]} Nc4 {[%emt 0:11:53]} 14. Ne5 {[%emt 0:00:36]} Nxe5 {[%emt 0:01:21]} 15. dxe5 {[%emt 0:02:44]} Nd7 {[%emt 0:14:57]} 16. f4 $146 {[%emt 0:03:23]} ({Predecessor:} 16. Ne2 Nc5 17. Bh7+ Kh8 {1-0 (41) Srebrnic,A (2191)-Samanic,V (1644) Rijeka 2012}) 16... d4 $2 {[%emt 0:02:55]} ({Black should try} 16... Nc5 $14) 17. exd4 {[%emt 0:02:28]} Nb6 {[%emt 0:00:15]} 18. Ne2 {[%emt 0:11:00]} Bc8 {[%emt 0:08:59]} 19. f5 {[%emt 0:06:00]} Bg5 {[%emt 0:03:56]} 20. Kh1 {[%emt 0:09:43]} Nd5 {[%emt 0:01:37]} 21. Rf3 {[%emt 0:03:15]} Nb4 {[%emt 0:05:54]} 22. Qb3 {[%emt 0:01:05]} Nxd3 {[%emt 0:00:12]} 23. Qxd3 {[%emt 0:00:09]} b6 {[%emt 0:01:30]} 24. Rd1 {[%emt 0:05:17]} a5 {[%emt 0:04:59]} 25. Qc2 {[%emt 0:02:54]} Ba6 {[%emt 0:04:47]} (25... Ra7 {keeps fighting.} 26. Nf4 Ba6) 26. Ng3 {[%emt 0:02:09]} Qd5 {[%emt 0:01:36]} 27. b3 {[%emt 0:04:18]} Red8 {[%emt 0:07:16]} 28. Ne4 {[%emt 0:02:51]} c5 $18 {[%emt 0:00:36]} 29. Nxg5 {[%emt 0:04:01]} hxg5 {[%emt 0:00:08]} 30. f6 {[%emt 0:01:09]} gxf6 {[%emt 0:02:55]} 31. Rxf6 {[%emt 0:00:18]} Bb7 {[%emt 0:00:42]} 32. Rdf1 {[%emt 0:01:50]} Re8 {[%emt 0:02:53]} 33. Rxf7 {[%emt 0:03:02]} Qxf7 {[%emt 0:00:11]} 34. Rxf7 {[%emt 0:00:05]} Kxf7 {[%emt 0:00:07]} 35. Qh7+ {[%emt 0:00:16]} Ke6 {[%emt 0:00:18]} 36. Qxb7 {[%emt 0:00:29]} cxd4 {[%emt 0:00:15]} 37. Qc6+ {[%emt 0:01:21]} Kf7 {[%emt 0:00:58]} 38. Qf6+ {[%emt 0:00:10]} Kg8 {[%emt 0:00:16]} 39. Qxg5+ {[%emt 0:00:11]} Kf7 {[%emt 0:00:13]} 40. Qf6+ {[%emt 0:00:21]} 1-0

[Event "HUN-chT Youth 2019"]
[Site "Budapest"]
[Date "2019.10.28"]
[Round "4.26"]
[White "Barasits, Balint"]
[Black "Kozsik, Bende Barnabas"]
[Result "0-1"]
[WhiteElo "1988"]
[BlackElo "1943"]
[Annotator "NA RC"]
[PlyCount "74"]
[EventDate "2019.10.26"]
[EventType "team-tourn"]
[EventCountry "HUN"]
[SourceTitle "playchess.com"]
[Source "ChessBase"]
[SourceQuality "1"]
[TimeControl "5400+30"]

{[%evp 8,69,52,37,46,7,12,10,16,-10,-2,0,-11,32767,-34,-33,-27,-38,32767,32767,32767,-37,-35,32767,32767,-33,44,32767,0,-52,-39,32767,32767,32767,-99,-87,32767,32767,-141,32767,-117,32767,32767,32767,-295,-757,32767,-941,-950,-1560,-1660,-1575,-820,-743,-848,-739,32767,32767,32767,32767,32767,32767,-1443,-1426]} 1. e4 {[%emt 0:00:00]} c5 {[%emt 0:00:22]} 2. Nf3 {[%emt 0:00:00]} e6 {[%emt 0:00:27]} 3. c4 {[%emt 0:02:49]} Qc7 {[%emt 0:01:24]} 4. Nc3 {[%emt 0:00:57]} a6 {[%emt 0:01:15]} 5. Be2 {[%emt 0:04:30]} Nc6 {[%emt 0:01:15]} (5... b6 6. d4 cxd4 7. Nxd4 Bb7 8. Be3 Nf6 9. f3 Be7 10. O-O O-O 11. Kh1 d6 12. Rc1 Nbd7 13. b4 Rac8 14. a3 Rfe8 15. Qd2 Qb8 16. Rfd1 Bd8 17. Nb3 Bc7 18. Bf4 d5 19. Bxc7 Rxc7 20. cxd5 exd5 21. exd5 Nxd5 22. Nxd5 Bxd5 23. Nd4 b5 24. Bf1 Rxc1 25. Rxc1 {½-½ (40) Yu,Y (2738)-Karthikeyan,M (2578) Moscow 2017}) 6. O-O {[%emt 0:00:55] B40: Sicilian: 2...e6, Unusual lines} Nd4 {[%emt 0:01:45]} 7. d3 {[%emt 0:05:36]} g6 {[%emt 0:03:31]} 8. g3 $146 {[%emt 0:17:28]} ({Predecessor:} 8. Nxd4 cxd4 9. Nb1 Bg7 10. f4 Ne7 11. Qe1 O-O 12. Qh4 d5 13. Nd2 dxc4 14. dxc4 {1-0 (40) Navara,D (2479)-Hausner,I (2430) Kunzak 2001}) 8... Bg7 {[%emt 0:03:12]} 9. Bf4 {[%emt 0:01:06]} d6 {[%emt 0:03:15]} 10. Nxd4 {[%emt 0:00:21]} cxd4 {[%emt 0:01:46]} 11. Nb1 $1 {[%emt 0:07:35]} Ne7 {[%emt 0:03:31]} 12. Na3 {[%emt 0:03:39]} O-O {[%emt 0:04:12]} 13. Rc1 {[%emt 0:04:56]} b6 {[%emt 0:03:43]} 14. b4 {[%emt 0:04:20]} e5 {[%emt 0:02:13]} 15. Bd2 {[%emt 0:02:27]} Bb7 {[%emt 0:03:08]} 16. Qb3 {[%emt 0:10:44]} Rac8 {[%emt 0:03:18]} ({Better is} 16... Kh8 $11) 17. f3 {[%emt 0:08:02]} Qd7 {[%emt 0:04:50]} 18. Kg2 {[%emt 0:01:33]} h5 {[%emt 0:07:11]} 19. h4 {[%emt 0:00:30]} Kh7 {[%emt 0:00:26]} 20. b5 {[%emt 0:01:25]} a5 {[%emt 0:01:55]} 21. Nc2 {[%emt 0:01:37]} f5 {[%emt 0:03:14]} 22. Kh2 {[%emt 0:00:33]} Ng8 {[%emt 0:01:29]} 23. Ne1 {[%emt 0:05:27]} Rce8 {[%emt 0:02:28]} 24. Qc2 {[%emt 0:01:02]} fxe4 {[%emt 0:02:02]} 25. dxe4 {[%emt 0:00:08] [#]} Bc8 $1 {[%emt 0:01:15]} 26. Kg2 $2 {[%emt 0:02:26]} (26. Rf2 Qh3+ 27. Kg1) 26... Qh3+ {[%emt 0:00:38]} 27. Kf2 {[%emt 0:00:03]} Nf6 {[%emt 0:03:11]} 28. Nd3 {[%emt 0:08:17]} Nxe4+ {[%emt 0:01:09] Double Attack} 29. Ke1 {[%emt 0:00:08]} Qxg3+ {[%emt 0:00:22]} 30. Kd1 {[%emt 0:00:08]} Nxd2 {[%emt 0:01:03]} 31. Qxd2 {[%emt 0:03:17]} Bh6 {[%emt 0:00:42]} 32. f4 {[%emt 0:01:05]} exf4 {[%emt 0:02:56]} 33. Rf3 {[%emt 0:01:09]} Rxe2 {[%emt 0:00:54]} 34. Qxe2 {[%emt 0:01:32] [#]} Bg4 $19 {[%emt 0:02:38]} 35. Ne1 {[%emt 0:01:01]} Qxh4 {[%emt 0:02:55]} 36. Ng2 {[%emt 0:00:29]} Bxf3 {[%emt 0:00:26]} 37. Qxf3 {[%emt 0:00:12]} Qg4 {[%emt 0:01:02]} 0-1

[Event "HUN-chT Youth 2019"]
[Site "Budapest"]
[Date "2019.10.28"]
[Round "4.27"]
[White "Kelemen, Szabolcs"]
[Black "Kiraly, Barnabas"]
[Result "1-0"]
[WhiteElo "1960"]
[BlackElo "1742"]
[Annotator "NA RC"]
[PlyCount "35"]
[EventDate "2019.10.26"]
[EventType "team-tourn"]
[EventCountry "HUN"]
[SourceTitle "playchess.com"]
[Source "ChessBase"]
[SourceQuality "1"]
[TimeControl "5400+30"]

{[%evp 8,35,58,37,41,41,32767,32767,32767,32767,32767,32767,32767,0,49,36,96,6,311,333,331,332,295,32767,32767,32767,32767,32767,1648,-408]} 1. e4 {[%emt 0:00:00]} d5 {[%emt 0:00:32]} 2. exd5 {[%emt 0:00:00]} Qxd5 {[%emt 0:00:03]} 3. Nc3 {[%emt 0:00:01]} Qa5 {[%emt 0:00:03]} 4. d4 {[%emt 0:00:08]} Nf6 {[%emt 0:00:06]} 5. Bc4 {[%emt 0:00:10]} Bf5 {[%emt 0:00:08]} 6. Nf3 {[%emt 0:00:07]} e6 {[%emt 0:00:23]} 7. Bd2 {[%emt 0:00:07]} c6 {[%emt 0:00:14]} 8. Qe2 {[%emt 0:00:13]} Qc7 {[%emt 0:01:03]} 9. O-O-O {[%emt 0:00:16]} Be7 {[%emt 0:00:25]} 10. Rhe1 {[%emt 0:05:38]} O-O {[%emt 0:09:47]} ({Better is} 10... b5 $11 11. Bd3 Bxd3 12. Qxd3 Nbd7) 11. Nh4 {[%emt 0:02:52]} Bd6 {[%emt 0:02:13]} 12. f3 {[%emt 0:07:41]} ({White should play} 12. Nxf5 $16 exf5 13. Qf3) 12... Re8 $2 {[%emt 0:04:13]} (12... b5 $11 13. Nxf5 exf5) 13. Nxf5 {[%emt 0:09:47]} exf5 {[%emt 0:01:50] [#]} 14. Qxe8+ $1 {[%emt 0:00:08]} Nxe8 {[%emt 0:00:03]} 15. Rxe8+ {[%emt 0:00:04]} Bf8 {[%emt 0:00:01]} 16. Rde1 {[%emt 0:00:30]} b5 {[%emt 0:01:31]} 17. Nxb5 {[%emt 0:00:37]} cxb5 {[%emt 0:00:14] [#]} 18. Rxf8+ $19 {[%emt 0:00:12] Remove Defender} 1-0